000
00234 a2200097 4500
001
17712
100
_a
Bhutto Z A
245
_a
Politics of the people awaking the people
260
_a
_b
Pakistan Publication
_c
090
_c
13082
_d
13082
942
_a
NUST-CAE
_c
M
_c
3428
999
_c
252785
_d
252785